00626nam a2200109 4500082001600000100003000016245004300046250001100089260003500100300001800135505036300153 a621.381,FLO 6Thomas L. FloyddR.P.Jain aDigital Fundamentals / Thomas L. Floyd a8th ed 6IndiaaPearson Educationb2005 axiii : 579 p. aIntroductory Digital Concepts (Page-1), Number Systems, Operations and Codes (Page-16), Boolean Algebra and Logic Simplification (Page-118), Combinatiomal Logic (Page-172), Flip Flops (Page-266), Counters (Page-304), Shift Registers (Page-354), Memory and Storage (Page-390), Integrated Circuit Technologies (Page-452), Programmable Logic Devices (Page-502).